How to score goals

Bibliographic Details
Main Author: MacDonald, Malcom
Other Authors: Buckle, Paul
Format: Book
Published: Surrey : The Kingswood Press , 1985
Subjects:

MARC

LEADER 00000cam a2200000 7i4500
001 0000009119
002 000009932
005 20000330.0
020 |a 0434980641 
090 0 0 |a 796.33   |b MAC 
100 0 |a MacDonald, Malcom 
245 1 0 |a How to score goals   |c Malcolm MacDonald 
260 |a Surrey :   |b The Kingswood Press ,   |c 1985 
300 |a 154p. :   |b ill. ;   |c 22cm. 
650 0 0 |a Soccer goalkeeper 
700 1 |a Buckle, Paul 
999 |a 0003343   |b BUKU   |c PINJAMAN   |e PERPUSTAKAAN KOMUNITI PETALING JAYA